|
|
|
|
| LEADER |
02051nam a22004093i 4500 |
| 001 |
EBC7245205 |
| 003 |
MiAaPQ |
| 005 |
20231204023229.0 |
| 006 |
m o d | |
| 007 |
cr cnu|||||||| |
| 008 |
231204s2023 xx o ||||0 eng d |
| 020 |
|
|
|a 9781000859201
|q (electronic bk.)
|
| 020 |
|
|
|z 9781032134741
|
| 035 |
|
|
|a (MiAaPQ)EBC7245205
|
| 035 |
|
|
|a (Au-PeEL)EBL7245205
|
| 035 |
|
|
|a (OCoLC)1378936720
|
| 040 |
|
|
|a MiAaPQ
|b eng
|e rda
|e pn
|c MiAaPQ
|d MiAaPQ
|
| 082 |
0 |
|
|a 345.0122
|
| 100 |
1 |
|
|a Jasiński, Wojciech.
|
| 245 |
1 |
0 |
|a Compensation for Wrongful Convictions :
|b A Comparative Perspective.
|
| 250 |
|
|
|a 1st ed.
|
| 264 |
|
1 |
|a Milton :
|b Taylor & Francis Group,
|c 2023.
|
| 264 |
|
4 |
|c {copy}2023.
|
| 300 |
|
|
|a 1 online resource (261 pages)
|
| 336 |
|
|
|a text
|b txt
|2 rdacontent
|
| 337 |
|
|
|a computer
|b c
|2 rdamedia
|
| 338 |
|
|
|a online resource
|b cr
|2 rdacarrier
|
| 490 |
1 |
|
|a Routledge Contemporary Issues in Criminal Justice and Procedure Series
|
| 520 |
|
|
|a This book compares substantive and procedural aspects of compensation for wrongful convictions in European countries and the US, as well as the standard derived from the case law of the European Court of Human Rights. It considers similarities and differences between jurisdictions and assesses the effectiveness of the national compensation schemes.
|
| 588 |
|
|
|a Description based on publisher supplied metadata and other sources.
|
| 590 |
|
|
|a Electronic reproduction. Ann Arbor, Michigan : ProQuest Ebook Central, 2023. Available via World Wide Web. Access may be limited to ProQuest Ebook Central affiliated libraries.
|
| 655 |
|
4 |
|a Electronic books.
|
| 700 |
1 |
|
|a Kremens, Karolina.
|
| 776 |
0 |
8 |
|i Print version:
|a Jasiński, Wojciech
|t Compensation for Wrongful Convictions
|d Milton : Taylor & Francis Group,c2023
|z 9781032134741
|
| 797 |
2 |
|
|a ProQuest (Firm)
|
| 830 |
|
0 |
|a Routledge Contemporary Issues in Criminal Justice and Procedure Series
|
| 856 |
4 |
0 |
|u https://ebookcentral.proquest.com/lib/matrademy/detail.action?docID=7245205
|z Click to View
|